00680nam a2200229 a 4500001001300000003000900013005001700022008004100039020001000080082002000090100002400110245005100134260003100185300000800216500003500224650001600259700002400275902000800299942000700307952012100314999001500435nice12345678IN_TiNIC20260116012509.0080221s1984 dela grp 000 0 eng  ac10000a305.40954bCHA3 aChatterji, Jyotsana aIndian Women in Mediab A Collection of Essays aDelhibLithouse Pub.c1984 a62p aincludes index and biblioraphy aWomen-India1 aChatterji, Jyotsana bSRS cBK 001040708StackRoom-aHMIbHMId2008-02-21g100.00l0o305.40954 CHA3p013046r2008-02-21v100.00w2008-02-21yBK c7239d7239